[Event "IIFL Wealth  4th Mumbai Junior U-13"]
[Site "Mumbai"]
[Date "2018.12.31"]
[Round "2"]
[White "Dande Vyankatesh S"]
[Black "Manish, Kumar"]
[Result "0-1"]
[WhiteElo "1418"]
[BlackElo "2132"]
[Annotator "NA"]
[PlyCount "172"]
[EventDate "2018.12.30"]
[EventType "swiss"]
[EventCountry "IND"]
[SourceTitle "playchess.com"]
[Source "ChessBase"]
[SourceQuality "1"]
[TimeControl "40/5400+30:1800+30"]

1. e4 {[%emt 0:00:00]} e5 {[%emt 0:00:22]} 2. Nf3 {[%emt 0:00:00]} Nc6 {[%emt 0:00:16]} 3. Bc4 {[%emt 0:00:04]} Nf6 {[%emt 0:00:06]} 4. d4 {[%emt 0:00:51]} exd4 {[%emt 0:00:06]} 5. O-O {[%emt 0:00:15]} Nxe4 {[%emt 0:00:06]} 6. Re1 {[%emt 0:00:12]} d5 {[%emt 0:02:16] [#]} 7. Nxd4 {[%emt 0:13:21] C56: Two Knights: 4 d4 exd4 5 0-0 Nxe4} (7. Bxd5 $1 $11 {[%mdl 512]} Qxd5 {[#]} 8. Nc3 $1 {[%mdl 576] Pin} Qh5 9. Nxe4 Be6 10. Bg5 Bd6 11. Nxd6+ cxd6 12. Bf4 Qd5 13. c3 O-O 14. Nxd4 Nxd4 15. Qxd4 Qxd4 16. cxd4 d5 17. Rac1 Rfc8 18. Rxc8+ Rxc8 19. Rc1 Rxc1+ 20. Bxc1 f6 21. Bf4 a6 22. a3 Bd7 23. Bd2 Bc6 24. Bc3 Bd7 25. Bd2 Bc6 26. Bc3 Bd7 27. Bd2 {½-½ (27) Wei,Y (2743)-Wen,Y (2605) Shenzhen 2017}) 7... Bc5 {[%emt 0:09:11] [#]} ({Black should play} 7... Nxd4 $15 8. Qxd4 Be6 9. Bxd5 Qxd5 10. Qxe4 Qxe4 11. Rxe4 O-O-O) 8. Bxd5 $1 {[%emt 0:17:56]} Nxd4 {[%emt 0:12:43]} ({Don't play} 8... Qxd5 9. Nc3 $16) 9. Bxe4 {[%emt 0:03:52]} O-O $146 {[%emt 0:14:20]} ({Predecessor:} 9... Ne6 10. Qh5 Qd4 11. Qf3 O-O 12. c3 Qd6 13. Bxb7 Bxf2+ 14. Qxf2 Bxb7 {0-1 (97) Arana Oloron,R (1756)-Iraneta Unzue,I (1995) Pamplona 2015}) 10. Nc3 {[%emt 0:10:08]} c6 {[%emt 0:10:37]} (10... Bf5 $11 {remains equal.}) 11. Qh5 {[%emt 0:09:17]} f5 {[%emt 0:01:05]} 12. Bg5 {[%emt 0:01:39]} Qc7 {[%emt 0:18:05]} (12... Qe8 $11 {remains equal.} 13. Qxe8 Rxe8) 13. Bd3 {[%emt 0:01:20]} Be6 {[%emt 0:07:06]} (13... b5 $16 {was worth a try.}) 14. Be3 {[%emt 0:06:34]} Bf7 {[%emt 0:01:16]} 15. Qh3 {[%emt 0:00:36]} Rad8 {[%emt 0:11:50]} 16. Bxf5 {[%emt 0:03:13]} g6 {[%emt 0:00:21]} 17. Bd3 {[%emt 0:02:09]} Qd7 {[%emt 0:01:39]} 18. Qh4 {[%emt 0:04:14]} Nf5 {[%emt 0:03:27]} 19. Bxf5 {[%emt 0:00:27]} Qxf5 {[%emt 0:00:02]} 20. Bxc5 {[%emt 0:02:59]} Qxc5 {[%emt 0:00:01]} 21. Ne4 {[%emt 0:00:15]} Qxc2 {[%emt 0:03:46]} 22. Ng5 {[%emt 0:00:58]} h5 {[%emt 0:00:17]} 23. Nxf7 {[%emt 0:00:59]} Kxf7 {[%emt 0:00:01]} 24. Qf4+ {[%emt 0:14:29]} Kg8 {[%emt 0:00:20]} 25. Qh6 {[%emt 0:05:52]} (25. Qg3 $11 {keeps the balance.}) 25... Qxf2+ $2 {[%emt 0:00:57]} (25... Rxf2 $17 {and life is bright.} 26. Qg5 Rd5) 26. Kh1 {[%emt 0:00:15]} Qf6 {[%emt 0:00:14]} ({But not} 26... Qxb2 $6 27. Qxg6+ Qg7 28. Qxh5 $11) 27. h3 {[%emt 0:00:59]} Qg7 {[%emt 0:00:31]} 28. Qe3 {[%emt 0:00:31]} b6 {[%emt 0:00:41]} 29. Qe6+ {[%emt 0:00:19]} Kh7 {[%emt 0:00:27]} 30. Qxc6 {[%emt 0:00:28]} Rd2 {[%emt 0:00:37]} 31. Rf1 {[%emt 0:00:44]} (31. Re6 $11 {remains equal.}) 31... Rxb2 {[%emt 0:01:26]} (31... Qxb2 $17 32. Rae1 Rxf1+ 33. Rxf1 Qg7) 32. Rxf8 {[%emt 0:00:29]} Qxf8 {[%emt 0:00:03]} 33. Qc7+ {[%emt 0:00:15]} Qg7 {[%emt 0:00:05]} 34. Qc4 {[%emt 0:00:38]} Qb7 {[%emt 0:00:55]} 35. Rg1 {[%emt 0:00:11]} Rd2 {[%emt 0:00:23]} 36. a4 {[%emt 0:00:08]} Qd5 {[%emt 0:01:25]} 37. Qc7+ {[%emt 0:00:09]} Qd7 {[%emt 0:00:02]} 38. Qc1 {[%emt 0:01:07]} ({White should try} 38. Qf4 $15) 38... Ra2 {[%emt 0:00:59]} (38... Rd4 $19 39. Re1 {Black should play} Rxa4 $19 40. Qg5 Qd6) 39. Re1 {[%emt 0:00:20]} (39. Rd1 $1 $15 Qb7 40. Qg5) 39... Qg7 $2 {[%emt 0:00:49]} 40. Qc4 {[%emt 0:00:00]} Rd2 $15 {[%emt 0:00:00]} 41. Qb4 {[%emt 0:02:59]} Rd4 {[%emt 0:01:02]} 42. Qa3 {[%emt 0:00:45]} Rd7 {[%emt 0:00:18]} 43. Qb3 {[%emt 0:01:50]} Qf7 {[%emt 0:00:59]} 44. Qb4 {[%emt 0:01:29]} Kg7 {[%emt 0:00:46]} 45. Qb5 {[%emt 0:00:36]} Rc7 {[%emt 0:00:59]} 46. Qe5+ {[%emt 0:00:18]} Kh7 {[%emt 0:00:17]} 47. Qd6 {[%emt 0:00:49]} Rd7 {[%emt 0:00:19]} 48. Qb4 {[%emt 0:00:17]} Qf6 {[%emt 0:00:27]} 49. Qc4 {[%emt 0:02:22]} Rf7 {[%emt 0:00:51]} 50. Qb4 {[%emt 0:02:19]} Kh6 {[%emt 0:00:25]} 51. Qb3 {[%emt 0:01:06]} Qf2 {[%emt 0:00:43]} 52. Qc3 {[%emt 0:00:18]} Qf6 {[%emt 0:00:24]} 53. Qb3 {[%emt 0:00:08]} Kg7 {[%emt 0:00:15]} 54. Qb4 {[%emt 0:00:35]} Kh7 {[%emt 0:01:02]} 55. Qb3 {[%emt 0:00:36]} Re7 {[%emt 0:00:07]} 56. Rd1 {[%emt 0:00:33]} Qh4 {[%emt 0:00:57]} 57. Rf1 {[%emt 0:00:44]} Qd4 {[%emt 0:01:35]} 58. Qa2 {[%emt 0:00:55]} Kg7 {[%emt 0:00:54]} 59. Qb3 {[%emt 0:00:51]} Qe5 {[%emt 0:02:18]} 60. Qc4 {[%emt 0:00:40]} Kh7 {[%emt 0:01:31]} 61. Qb3 {[%emt 0:01:16]} Qg7 {[%emt 0:00:32]} 62. Qc4 {[%emt 0:01:38]} Rc7 {[%emt 0:01:48]} 63. Qb3 {[%emt 0:00:06]} Qe5 {[%emt 0:00:41]} 64. Qa2 {[%emt 0:01:04]} Kg7 {[%emt 0:02:05]} 65. Qb3 {[%emt 0:00:10]} Qe2 {[%emt 0:00:39]} 66. Rd1 {[%emt 0:01:01]} Rf7 {[%emt 0:01:43]} 67. Qc3+ {[%emt 0:00:22]} Kh7 {[%emt 0:00:20]} 68. Re1 {[%emt 0:00:13]} Rf1+ {[%emt 0:00:14]} 69. Rxf1 {[%emt 0:01:03]} Qxf1+ {[%emt 0:00:02]} 70. Kh2 {[%emt 0:00:10]} Qf4+ {[%emt 0:00:03]} 71. Qg3 {[%emt 0:00:10]} Qxg3+ {[%emt 0:00:18]} 72. Kxg3 {[%emt 0:00:07]} Kg7 {[%emt 0:00:11]} 73. Kf4 {[%emt 0:00:16]} Kf6 {[%emt 0:00:01]} 74. Ke4 {[%emt 0:00:47]} Ke6 {[%emt 0:00:47]} 75. Kf4 {[%emt 0:00:10]} a6 {[%emt 0:00:10]} 76. Ke4 {[%emt 0:01:08]} h4 {[%emt 0:00:11]} 77. Kf4 {[%emt 0:00:28]} b5 {[%emt 0:00:04]} 78. axb5 {[%emt 0:00:04]} axb5 {[%emt 0:00:03]} 79. Kg5 {[%emt 0:00:41]} b4 {[%emt 0:00:01]} 80. Kxg6 {[%emt 0:00:08]} b3 {[%emt 0:00:01]} 81. Kh5 {[%emt 0:00:08]} b2 {[%emt 0:00:03]} 82. Kxh4 {[%emt 0:00:05]} b1=Q {[%emt 0:00:04]} 83. g3 {[%emt 0:00:08]} Kf5 {[%emt 0:00:06]} 84. Kh5 {[%emt 0:00:27]} Qd3 {[%emt 0:00:08]} 85. Kh4 {[%emt 0:00:12]} Qd8+ {[%emt 0:00:15]} 86. Kh5 {[%emt 0:00:06]} Qg5# {[%emt 0:00:02]} 0-1

[Event "IIFL Wealth  4th Mumbai Junior U-13"]
[Site "Mumbai"]
[Date "2018.12.31"]
[Round "2"]
[White "Amrit Raunak"]
[Black "Shah Jeet"]
[Result "0-1"]
[WhiteElo "1410"]
[BlackElo "1904"]
[Annotator "NA RC"]
[PlyCount "82"]
[EventDate "2018.12.30"]
[EventType "swiss"]
[EventCountry "IND"]
[SourceTitle "playchess.com"]
[Source "ChessBase"]
[SourceQuality "1"]
[TimeControl "40/5400+30:1800+30"]

1. e4 {[%emt 0:00:00]} e5 {[%emt 0:03:30]} 2. Nf3 {[%emt 0:00:00]} Nc6 {[%emt 0:00:03]} 3. Bc4 {[%emt 0:00:00]} Bc5 {[%emt 0:00:07]} 4. O-O {[%emt 0:00:02]} d6 {[%emt 0:00:30]} 5. h3 {[%emt 0:00:05]} Nf6 {[%emt 0:00:23]} 6. d3 {[%emt 0:00:07]} h6 {[%emt 0:01:21]} 7. Be3 {[%emt 0:00:10]} Bb6 {[%emt 0:01:50]} 8. Nc3 {[%emt 0:00:10]} O-O {[%emt 0:03:24]} 9. Qd2 {[%emt 0:00:12]} Bxe3 {[%emt 0:08:23] C50: Hungarian Defence and Giuoco Pianissimo} (9... Na5 10. Bb3 Nxb3 11. axb3 Bd7 12. Nh2 c6 13. Bxb6 Qxb6 14. Qe3 Qxe3 15. fxe3 a6 16. Nf3 Rfe8 17. Nh4 {½-½ (49) Pridorozhni,A (2556)-Zvjaginsev,V (2660) St Petersburg 2015}) 10. fxe3 {[%emt 0:00:08]} Na5 {[%emt 0:00:29]} 11. Bb3 {[%emt 0:00:14]} Nxb3 {[%emt 0:00:05]} 12. axb3 {[%emt 0:00:08]} c6 {[%emt 0:28:22]} 13. Rf2 $146 {[%emt 0:02:24]} ({Predecessor:} 13. Qf2 Qc7 14. Nh4 Be6 15. Ne2 d5 16. exd5 cxd5 17. Ng3 {1-0 (28) Atiki,A (1778)-Michel,F (1838) Benidorm 2014}) 13... b5 {[%emt 0:02:05]} 14. Raf1 {[%emt 0:01:43]} Be6 {[%emt 0:01:00]} 15. d4 $2 {[%emt 0:01:25]} (15. Ra1 $15) 15... b4 {[%emt 0:00:49]} 16. Na2 {[%emt 0:03:19]} Nxe4 {[%emt 0:00:21]} 17. Qxb4 {[%emt 0:00:02]} Nxf2 {[%emt 0:01:45]} 18. Rxf2 {[%emt 0:00:06]} e4 {[%emt 0:00:28]} 19. Nd2 {[%emt 0:00:55]} d5 {[%emt 0:00:09]} 20. Nf1 {[%emt 0:00:08]} Qg5 {[%emt 0:00:39]} 21. Kh1 {[%emt 0:00:38]} a5 {[%emt 0:09:07]} 22. Qc5 {[%emt 0:00:25]} a4 {[%emt 0:00:53]} 23. bxa4 {[%emt 0:00:46]} Rxa4 {[%emt 0:00:03]} 24. Nc3 {[%emt 0:02:01]} Ra1 {[%emt 0:00:49]} 25. Kh2 {[%emt 0:00:25]} Bd7 {[%emt 0:06:26]} 26. Qd6 {[%emt 0:01:43]} Qd8 {[%emt 0:02:41]} 27. Ng3 {[%emt 0:00:20]} Re8 {[%emt 0:04:26]} 28. Nce2 {[%emt 0:02:21]} Re6 {[%emt 0:00:40]} 29. Qc5 {[%emt 0:00:24]} Rf6 {[%emt 0:05:26]} 30. Rxf6 {[%emt 0:00:25]} Qxf6 {[%emt 0:00:01]} 31. Nf4 {[%emt 0:00:20]} Ra8 {[%emt 0:11:23]} 32. Ngh5 {[%emt 0:00:17]} Qg5 {[%emt 0:00:29]} 33. g3 {[%emt 0:07:17]} (33. b3 $142) 33... Re8 $19 {[%emt 0:03:29]} 34. Qd6 {[%emt 0:06:21]} Rd8 {[%emt 0:01:38]} 35. h4 {[%emt 0:01:47]} Qf5 {[%emt 0:02:03]} 36. Qe7 {[%emt 0:02:26]} Re8 {[%emt 0:00:44]} 37. Qc5 {[%emt 0:00:19]} Kh8 {[%emt 0:01:12]} 38. Qd6 {[%emt 0:01:10]} Be6 {[%emt 0:00:46]} 39. Qxc6 {[%emt 0:02:38]} Rc8 {[%emt 0:00:08]} 40. Qd6 {[%emt 0:00:00]} Rxc2+ {[%emt 0:00:00]} 41. Kg1 {[%emt 0:00:43]} Qg4 {[%emt 0:01:13]} 0-1

[Event "IIFL Wealth  4th Mumbai Junior U-13"]
[Site "Mumbai"]
[Date "2018.12.31"]
[Round "2"]
[White "Ananya Arumbakkam"]
[Black "Jain Kashish Manoj"]
[Result "0-1"]
[WhiteElo "1405"]
[BlackElo "1853"]
[Annotator "NA RC"]
[PlyCount "108"]
[EventDate "2018.12.30"]
[EventType "swiss"]
[EventCountry "IND"]
[SourceTitle "playchess.com"]
[Source "ChessBase"]
[SourceQuality "1"]
[TimeControl "40/5400+30:1800+30"]

1. e4 {[%emt 0:00:00]} d6 {[%emt 0:00:00]} 2. d4 {[%emt 0:00:00]} Nf6 {[%emt 0:00:00]} 3. Nc3 {[%emt 0:00:26]} g6 {[%emt 0:00:00]} 4. Nf3 {[%emt 0:02:27]} Bg7 {[%emt 0:00:18]} 5. Bc4 {[%emt 0:00:41]} O-O {[%emt 0:00:37]} 6. O-O {[%emt 0:00:36]} c6 {[%emt 0:04:33]} 7. Bb3 {[%emt 0:01:38]} Bg4 {[%emt 0:08:41]} 8. h3 {[%emt 0:04:38]} Bxf3 {[%emt 0:00:07]} 9. Qxf3 {[%emt 0:00:11]} e5 {[%emt 0:01:47] B08: Pirc Defence: Classical System} (9... e6 10. Bg5 Nbd7 11. Rad1 Qc7 12. Qf4 a6 13. Ne2 Kh8 14. c3 Ng8 15. Qd2 Rae8 16. Be3 Ndf6 17. f3 {½-½ (56) Vallejo Pons,F (2697)-Aronian,L (2816) Sao Paulo/Bilbao 2012}) 10. dxe5 {[%emt 0:00:38] LiveBook: 4 Games} dxe5 {[%emt 0:00:02]} 11. Bg5 {[%emt 0:02:44]} Na6 {[%emt 0:09:03]} 12. Rad1 {[%emt 0:04:47]} Qe7 {[%emt 0:00:30]} 13. a3 $146 {[%emt 0:02:25]} ({Predecessor:} 13. Rd2 Rad8 14. Rfd1 Rxd2 15. Rxd2 Nc5 16. Be3 {½-½ (31) Djokic,N (2324)-Sredojevic,I (2408) Valjevo 2015}) 13... Nc5 {[%emt 0:07:58]} 14. Ba2 {[%emt 0:00:21]} Ne6 {[%emt 0:05:35]} 15. Be3 {[%emt 0:01:00]} b6 {[%emt 0:07:39]} 16. Rd2 {[%emt 0:15:11]} Rad8 {[%emt 0:17:11]} 17. Rfd1 {[%emt 0:00:24]} Rxd2 {[%emt 0:06:08]} (17... Nd4 $5 18. Bxd4 exd4 19. Rxd4 Nd7 $11) 18. Rxd2 {[%emt 0:00:10]} c5 {[%emt 0:09:48]} (18... Re8 $14) 19. Nd5 {[%emt 0:03:08]} Nxd5 {[%emt 0:00:11]} 20. Rxd5 $14 {[%emt 0:00:22]} Rd8 {[%emt 0:11:23]} 21. Qd1 {[%emt 0:00:44]} Kf8 {[%emt 0:04:38]} 22. c3 {[%emt 0:04:10]} Bf6 {[%emt 0:03:22]} 23. b4 {[%emt 0:04:38]} cxb4 {[%emt 0:00:22]} 24. cxb4 {[%emt 0:00:14]} Bg5 {[%emt 0:00:57]} 25. Bxg5 {[%emt 0:01:41]} Qxg5 {[%emt 0:00:07]} 26. g3 {[%emt 0:07:37]} Rxd5 {[%emt 0:01:13]} 27. exd5 {[%emt 0:00:42]} Nd4 {[%emt 0:00:18]} 28. Kg2 {[%emt 0:01:51]} Qf5 {[%emt 0:00:26]} 29. Bb1 {[%emt 0:01:09]} Qd7 {[%emt 0:00:01]} 30. Ba2 {[%emt 0:00:46]} Qf5 {[%emt 0:00:10]} 31. Bb1 {[%emt 0:00:07]} Qd7 {[%emt 0:00:01]} 32. Ba2 {[%emt 0:00:10]} Qc7 {[%emt 0:00:39]} 33. Qd3 {[%emt 0:05:15]} Qc2 {[%emt 0:01:44]} 34. Bc4 {[%emt 0:00:34]} Qxd3 {[%emt 0:00:24]} 35. Bxd3 {[%emt 0:00:06]} Ke7 {[%emt 0:00:02]} 36. a4 {[%emt 0:02:45]} Kd6 {[%emt 0:00:11]} 37. Bc4 {[%emt 0:00:13]} Nc2 {[%emt 0:00:31]} 38. b5 {[%emt 0:00:07]} Nb4 {[%emt 0:00:04]} 39. Kf3 {[%emt 0:00:17]} Nxd5 {[%emt 0:00:11]} 40. g4 {[%emt 0:00:00]} f5 {[%emt 0:00:00]} 41. gxf5 {[%emt 0:01:05]} gxf5 {[%emt 0:01:58]} 42. h4 {[%emt 0:00:08]} e4+ {[%emt 0:01:00]} 43. Kg3 {[%emt 0:00:33]} Ke5 {[%emt 0:00:06]} 44. Bxd5 {[%emt 0:00:37]} Kxd5 {[%emt 0:00:01]} 45. Kf4 {[%emt 0:00:09]} Ke6 {[%emt 0:00:01]} 46. Kg5 {[%emt 0:00:06]} Ke5 {[%emt 0:00:04]} 47. Kh6 {[%emt 0:00:28]} f4 {[%emt 0:00:01]} 48. Kxh7 {[%emt 0:00:14]} e3 {[%emt 0:00:04]} 49. h5 {[%emt 0:00:15]} exf2 {[%emt 0:00:06]} 50. h6 {[%emt 0:00:04]} f1=Q {[%emt 0:00:07]} 51. a5 {[%emt 0:00:08]} Kf6 {[%emt 0:00:27]} 52. Kg8 {[%emt 0:00:15]} Qc4+ {[%emt 0:00:08]} 53. Kh8 {[%emt 0:00:06]} Kg6 {[%emt 0:00:10]} 54. a6 {[%emt 0:00:12]} Qe6 0-1

[Event "IIFL Wealth  4th Mumbai Junior U-13"]
[Site "Mumbai"]
[Date "2018.12.31"]
[Round "2"]
[White "Virle Kimaya"]
[Black "Aditya Varun Gampa"]
[Result "0-1"]
[WhiteElo "1391"]
[BlackElo "1809"]
[Annotator "NA RC"]
[PlyCount "58"]
[EventDate "2018.12.30"]
[EventType "swiss"]
[EventCountry "IND"]
[SourceTitle "playchess.com"]
[Source "ChessBase"]
[SourceQuality "1"]
[TimeControl "40/5400+30:1800+30"]

1. d4 {[%emt 0:00:00]} Nf6 {[%emt 0:02:50]} 2. c4 {[%emt 0:00:00]} e6 {[%emt 0:00:52]} 3. Nc3 {[%emt 0:00:00]} Bb4 {[%emt 0:01:06]} 4. Qc2 {[%emt 0:00:12]} O-O {[%emt 0:00:59]} 5. a3 {[%emt 0:00:41]} Bxc3+ $1 {[%emt 0:01:58]} 6. Qxc3 {[%emt 0:00:12] LiveBook: 8011 Games} Ne4 {[%emt 0:04:01] E32: Nimzo-Indian: Classical (4 Qc2): 4...0-0} (6... d5 7. Bg5 dxc4 8. Qxc4 b6 9. Rd1 Ba6 10. Qc2 Nbd7 11. e4 Bxf1 12. Kxf1 Qc8 13. Ne2 h6 14. Bxf6 Nxf6 15. f3 {½-½ (31) So,W (2780)-Nakamura,H (2777) Saint Louis 2018}) 7. Qf3 {[%emt 0:04:43]} f5 {[%emt 0:03:05]} 8. Qd3 $146 {[%emt 0:09:04]} ({Predecessor:} 8. Bf4 b6 9. e3 Bb7 10. Nh3 d5 11. c5 bxc5 12. dxc5 Nxc5 13. b4 Ne4 14. Rc1 {1-0 (22) Kubieziel,J-Steiner,K DESC email 2003}) 8... b6 {[%emt 0:01:29]} 9. Bd2 {[%emt 0:02:05]} Bb7 {[%emt 0:02:29]} 10. h4 {[%emt 0:09:13]} c5 {[%emt 0:04:53]} 11. Bf4 {[%emt 0:09:12]} (11. dxc5 $17 Qf6 12. Qc2) 11... cxd4 {[%emt 0:01:38]} 12. Qxd4 {[%emt 0:02:18]} Nc6 {[%emt 0:00:56]} 13. Qd3 {[%emt 0:01:11]} Qf6 {[%emt 0:01:27]} 14. Rb1 {[%emt 0:03:16]} d5 {[%emt 0:06:21]} (14... e5 $19 15. Qd5+ Qf7 16. Qxf7+ Rxf7) 15. cxd5 {[%emt 0:03:50]} Rad8 {[%emt 0:02:41]} 16. dxc6 {[%emt 0:03:42]} Rxd3 {[%emt 0:01:28]} 17. exd3 {[%emt 0:00:17]} Bxc6 {[%emt 0:01:13]} 18. dxe4 {[%emt 0:04:55]} Bxe4 {[%emt 0:01:49]} 19. Rc1 {[%emt 0:02:21]} Qxb2 {[%emt 0:01:14]} 20. f3 $2 {[%emt 0:02:02]} (20. Rh3 $1 $14) 20... e5 {[%emt 0:01:39]} 21. fxe4 {[%emt 0:17:04]} exf4 {[%emt 0:00:19]} 22. Rd1 {[%emt 0:00:20]} Qc3+ {[%emt 0:00:25]} 23. Rd2 {[%emt 0:02:54]} Rd8 {[%emt 0:00:21]} 24. Nf3 {[%emt 0:00:30]} fxe4 $19 {[%emt 0:00:20]} 25. Kd1 {[%emt 0:07:39]} Qa1+ {[%emt 0:00:25]} 26. Kc2 {[%emt 0:00:39]} Rc8+ {[%emt 0:00:03]} 27. Kb3 {[%emt 0:00:41]} Rc3+ {[%emt 0:00:09]} 28. Kb4 {[%emt 0:00:41]} Qxa3+ {[%emt 0:00:02]} 29. Kb5 {[%emt 0:00:14]} Qa5# {[%emt 0:00:04]} 0-1

[Event "IIFL Wealth  4th Mumbai Junior U-13"]
[Site "Mumbai"]
[Date "2018.12.31"]
[Round "2"]
[White "Agarwal Mukund H"]
[Black "Ayush Sharma"]
[Result "0-1"]
[WhiteElo "1375"]
[BlackElo "1778"]
[Annotator "NA RC"]
[PlyCount "98"]
[EventDate "2018.12.30"]
[EventType "swiss"]
[EventCountry "IND"]
[SourceTitle "playchess.com"]
[Source "ChessBase"]
[SourceQuality "1"]
[TimeControl "40/5400+30:1800+30"]

1. e4 {[%emt 0:04:08]} e6 {[%emt 0:00:00]} 2. d4 {[%emt 0:00:05]} d5 {[%emt 0:00:00]} 3. e5 {[%emt 0:00:05]} c5 {[%emt 0:00:00]} 4. c3 {[%emt 0:00:02]} Nc6 {[%emt 0:00:00]} 5. Be3 {[%emt 0:00:01]} Bd7 {[%emt 0:02:28]} 6. Nf3 {[%emt 0:00:56]} Nge7 {[%emt 0:01:08]} 7. Be2 {[%emt 0:02:35]} Nf5 {[%emt 0:08:38]} 8. O-O {[%emt 0:00:57]} Be7 {[%emt 0:01:21]} 9. Na3 {[%emt 0:15:53]} cxd4 {[%emt 0:06:07]} 10. cxd4 {[%emt 0:02:44]} Qb6 {[%emt 0:00:10]} 11. Rb1 {[%emt 0:11:54]} f6 {[%emt 0:02:32]} 12. exf6 {[%emt 0:04:43]} Bxf6 {[%emt 0:02:54]} 13. Nc2 {[%emt 0:04:29]} O-O {[%emt 0:01:36]} 14. Bd3 {[%emt 0:02:53]} Nxe3 15. fxe3 {[%emt 0:01:55]} Rae8 {[%emt 0:05:30]} 16. Kh1 {[%emt 0:09:38]} g6 {[%emt 0:01:15]} 17. e4 {[%emt 0:11:46]} Nxd4 {[%emt 0:01:56]} 18. Ncxd4 {[%emt 0:01:14]} Bxd4 {[%emt 0:01:40]} 19. exd5 {[%emt 0:02:09]} exd5 {[%emt 0:00:15]} 20. Bxg6 {[%emt 0:00:58]} hxg6 {[%emt 0:07:37]} 21. Qxd4 {[%emt 0:00:45]} Qxd4 {[%emt 0:00:06]} 22. Nxd4 {[%emt 0:00:01]} Rxf1+ {[%emt 0:00:17]} 23. Rxf1 {[%emt 0:00:01]} Re4 {[%emt 0:00:07]} 24. Nb3 {[%emt 0:03:50]} Re2 {[%emt 0:00:34]} 25. Nc5 {[%emt 0:01:52]} Bc6 {[%emt 0:00:18]} 26. Kg1 {[%emt 0:03:40]} Rxb2 {[%emt 0:00:50]} 27. Rf2 {[%emt 0:00:11]} Rb1+ {[%emt 0:02:17]} 28. Rf1 {[%emt 0:00:13]} Rxf1+ {[%emt 0:00:05]} 29. Kxf1 {[%emt 0:00:06]} d4 {[%emt 0:03:05]} 30. g3 {[%emt 0:02:14]} Kf7 {[%emt 0:11:35]} 31. Ke2 {[%emt 0:02:57]} Kf6 {[%emt 0:00:16]} 32. Kd3 {[%emt 0:03:41]} Ke5 {[%emt 0:00:19]} 33. Nb3 {[%emt 0:01:17]} Bb5+ {[%emt 0:00:03]} 34. Kd2 {[%emt 0:00:12]} Bc4 {[%emt 0:00:03]} 35. Na5 {[%emt 0:00:34]} Bd5 {[%emt 0:00:05]} 36. h4 {[%emt 0:00:36]} b6 {[%emt 0:00:45]} 37. Nb3 {[%emt 0:00:02]} Bxb3 {[%emt 0:00:05]} 38. axb3 {[%emt 0:00:01]} Kf5 {[%emt 0:00:06]} 39. Kd3 {[%emt 0:00:05]} Kg4 {[%emt 0:00:03]} 40. Kxd4 {[%emt 0:00:00]} Kxg3 {[%emt 0:00:00]} 41. b4 {[%emt 0:00:09]} Kxh4 {[%emt 0:00:09]} 42. b5 {[%emt 0:00:02]} g5 {[%emt 0:00:04]} 43. Kd5 {[%emt 0:00:03]} g4 {[%emt 0:00:09]} 44. Ke6 {[%emt 0:00:02]} g3 {[%emt 0:00:05]} 45. Kf7 {[%emt 0:00:02]} g2 {[%emt 0:00:06]} 46. Kg7 {[%emt 0:00:03]} Kg5 {[%emt 0:00:08]} 47. Kh8 {[%emt 0:00:05]} Kf6 {[%emt 0:00:06]} 48. Kh7 {[%emt 0:00:05]} g1=Q {[%emt 0:00:05]} 49. Kh8 {[%emt 0:00:04]} Qg7# {[%emt 0:00:06]} 0-1

[Event "IIFL Wealth  4th Mumbai Junior U-13"]
[Site "Mumbai"]
[Date "2018.12.31"]
[Round "2"]
[White "Adreeja Sinha"]
[Black "Bagwe Gaurang"]
[Result "0-1"]
[WhiteElo "1366"]
[BlackElo "1768"]
[Annotator "NA RC"]
[PlyCount "66"]
[EventDate "2018.12.30"]
[EventType "swiss"]
[EventCountry "IND"]
[SourceTitle "playchess.com"]
[Source "ChessBase"]
[SourceQuality "1"]
[TimeControl "40/5400+30:1800+30"]

1. e4 c5 2. Nf3 d6 3. d4 cxd4 4. Nxd4 Nf6 5. Nc3 g6 6. Be3 Bg7 7. f3 O-O 8. Qd2 Nc6 9. O-O-O Nxd4 10. Bxd4 Be6 11. Kb1 Rc8 12. g4 Bc4 13. h4 {[%emt 1:00:59]} Bxf1 14. Rdxf1 Rc4 15. Qd3 Rc6 16. h5 e6 17. Qd2 {[%emt 0:02:00]} Rc4 18. Be3 {[%emt 0:00:30]} Qe7 {[%emt 1:01:00]} 19. Bg5 {[%emt 0:07:59]} Rfc8 {[%emt 0:01:54]} 20. Rd1 Rb4 21. Nd5 Nxd5 22. Bxe7 Rxb2+ 23. Kc1 Nb4 24. Rdf1 Rcxc2+ 25. Qxc2 Rxc2+ 26. Kd1 Rxa2 27. Bg5 Nd3 28. Be3 b5 29. hxg6 fxg6 30. f4 b4 31. f5 exf5 32. gxf5 b3 33. f6 Ra1+ 0-1

[Event "IIFL Wealth  4th Mumbai Junior U-13"]
[Site "Mumbai"]
[Date "2018.12.31"]
[Round "2"]
[White "Shreyas Seshadri Nallore"]
[Black "Bhagyashree Patil"]
[Result "0-1"]
[WhiteElo "1343"]
[BlackElo "1758"]
[Annotator "NA RC"]
[PlyCount "90"]
[EventDate "2018.12.30"]
[EventType "swiss"]
[EventCountry "IND"]
[SourceTitle "playchess.com"]
[Source "ChessBase"]
[SourceQuality "1"]
[TimeControl "40/5400+30:1800+30"]

1. e4 {[%emt 0:00:00]} e5 {[%emt 0:00:00]} 2. Nf3 {[%emt 0:00:00]} Nc6 {[%emt 0:00:00]} 3. d4 {[%emt 0:00:00]} exd4 {[%emt 0:00:00]} 4. Nxd4 {[%emt 0:00:00]} Bc5 {[%emt 0:12:55]} 5. Be3 {[%emt 0:00:43]} Bb6 {[%emt 0:17:58]} 6. Bc4 {[%emt 0:05:08]} d6 {[%emt 0:02:25]} 7. Nc3 {[%emt 0:06:34]} Nge7 {[%emt 0:10:12]} 8. O-O {[%emt 0:02:33]} O-O {[%emt 0:02:01]} 9. f4 {[%emt 0:03:36]} Na5 {[%emt 0:02:47]} 10. Be2 {[%emt 0:05:16]} f5 {[%emt 0:02:21]} 11. exf5 {[%emt 0:06:36]} Nxf5 {[%emt 0:00:14]} 12. Nxf5 {[%emt 0:00:38]} Bxf5 {[%emt 0:00:20]} 13. Bxb6 {[%emt 0:02:23]} axb6 {[%emt 0:00:18]} 14. Bd3 {[%emt 0:06:21]} Qf6 {[%emt 0:03:26]} 15. Bxf5 {[%emt 0:13:38]} Qxf5 {[%emt 0:00:09]} 16. b3 {[%emt 0:02:20]} Qc5+ {[%emt 0:01:01]} 17. Kh1 {[%emt 0:00:37]} Qxc3 {[%emt 0:00:03]} 18. Qd5+ {[%emt 0:00:31]} Kh8 {[%emt 0:00:48]} 19. Rac1 {[%emt 0:02:54]} Nc6 {[%emt 0:00:39]} 20. a4 {[%emt 0:01:26]} Rae8 {[%emt 0:00:44]} 21. Qh5 {[%emt 0:01:23]} Re6 {[%emt 0:02:18]} 22. f5 {[%emt 0:03:27]} Rh6 {[%emt 0:00:41]} 23. Qg4 {[%emt 0:01:00]} Qd4 {[%emt 0:01:39]} 24. Qe2 {[%emt 0:01:15]} Qe5 {[%emt 0:00:07]} 25. Qxe5 {[%emt 0:00:24]} Nxe5 {[%emt 0:00:02]} 26. h3 {[%emt 0:00:06]} Rhf6 {[%emt 0:00:05]} 27. g4 {[%emt 0:00:09]} g6 {[%emt 0:00:07]} 28. Rf4 {[%emt 0:00:24]} Kg7 {[%emt 0:01:09]} 29. Rcf1 {[%emt 0:00:55]} gxf5 {[%emt 0:00:57]} 30. g5 {[%emt 0:00:27]} R6f7 {[%emt 0:00:46]} 31. h4 {[%emt 0:00:12]} Ng6 {[%emt 0:00:11]} 32. Rc4 {[%emt 0:00:27]} f4 {[%emt 0:00:22]} 33. h5 {[%emt 0:00:04]} Ne5 {[%emt 0:00:03]} 34. Rc3 {[%emt 0:00:23]} f3 {[%emt 0:00:17]} 35. Kh2 {[%emt 0:00:36]} c6 {[%emt 0:00:15]} 36. Kg3 {[%emt 0:00:37]} Rf4 {[%emt 0:00:18]} 37. Kh3 {[%emt 0:00:12]} R8f5 {[%emt 0:00:36]} 38. h6+ {[%emt 0:00:29]} Kg6 {[%emt 0:00:10]} 39. Rd1 {[%emt 0:00:08]} d5 {[%emt 0:00:26]} 40. Rg1 {[%emt 0:00:00]} f2 {[%emt 0:00:00]} 41. Rf1 {[%emt 0:00:24]} Rxg5 {[%emt 0:00:19]} 42. Re3 {[%emt 0:00:06]} Nf3 {[%emt 0:00:59]} 43. Rxf3 {[%emt 0:00:29]} Rxf3+ {[%emt 0:00:02]} 44. Kh2 {[%emt 0:00:02]} Rf4 {[%emt 0:00:06]} 45. Rxf2 {[%emt 0:00:06]} Rh4# {[%emt 0:00:03]} 0-1